00250nam a2200109Ia 4500008004100000100001700041245002100058260001700079650002000096942000700116999001700123190216s9999||||xx |||||||||||||| ||und|| aGupthan Nair 0aImbangalkappuram bNbs Kottayam aEssay Malayalam cBK c26142d26142